L'Odeon : récit suivi des contes d'après décembre /

Hlavní autor: Kédros, André, 1917-1999
Jazyk: Francouzština
Vydáno: Paris : Hier et Ajourd'hui, 1949
Fyzický popis: 253 s.
Knihy
Uloženo v:
LEADER 00601nam a22001932a 4500
001 001079547
003 CZ BrMZK
005 20100528103351.0
007 ta
008 091214s1949 fr er|||||||||||fre d
040 |a BOA001  |b cze 
100 1 |a Kédros, André,  |d 1917-1999  |7 xx0005583  |4 aut 
245 1 2 |a L'Odeon :  |b récit suivi des contes d'après décembre /  |c André Kédros 
260 |a Paris :  |b Hier et Ajourd'hui,  |c 1949 
300 |a 253 s. 
910 |a BOA001  |b 1-0325.591 
990 |a BK 
991 |b 200912 
996 7 |b 2619396102  |c 1-0325.591  |l MZK  |r Sklad / do 1 hodiny  |n 0  |w 001101269  |u 000010  |a 1  |e BOA001  |j MZK50  |s A